| 000 | 00401cam a2200157ua 4500 | ||
|---|---|---|---|
| 999 |
_c13524 _d13524 |
||
| 003 | OSt | ||
| 008 | 190523b ||||| |||| 00| 0 eng d | ||
| 020 | _a9788183211451 | ||
| 082 |
_a370.0715 _bSUP/TE |
||
| 100 |
_aSupe, S.V . _94148 |
||
| 245 | _aText book of extension education / | ||
| 250 | _a3/ | ||
| 260 |
_aUdaypur : _bAgro-tech publishing academy , _c2009. |
||
| 300 | _a332; . | ||
| 942 | _cBK | ||